Vitaminologia, vitaminoterapia. (Record no. 4015)

MARC details
000 -LEADER
fixed length control field 00700cam a22002411 4500
001 - CONTROL NUMBER
control field af 48000326
003 - CONTROL NUMBER IDENTIFIER
control field DLC
005 - DATE AND TIME OF LATEST TRANSACTION
control field 20260227110843.0
008 - FIXED-LENGTH DATA ELEMENTS--GENERAL INFORMATION
fixed length control field 810725s1946 xx 000 0 ita
010 ## - LIBRARY OF CONGRESS CONTROL NUMBER
LC control number af 48000326
035 ## - SYSTEM CONTROL NUMBER
System control number (OCoLC)14749359
040 ## - CATALOGING SOURCE
Original cataloging agency DLC
Transcribing agency DNLM
Modifying agency DLC
042 ## - AUTHENTICATION CODE
Authentication code premarc
050 00 - LIBRARY OF CONGRESS CALL NUMBER
Classification number RC298
Item number .A5
060 00 - NATIONAL LIBRARY OF MEDICINE CALL NUMBER
Classification number QU 160
Item number A615v 1946
060 00 - NATIONAL LIBRARY OF MEDICINE CALL NUMBER
Classification number Film 5916 no. 9
100 1# - MAIN ENTRY--PERSONAL NAME
Personal name Annoni, Giuseppe.
245 10 - TITLE STATEMENT
Title Vitaminologia, vitaminoterapia.
Statement of responsibility, etc. Prefazione del prof. Domenico Cesa Bianchi ...
260 ## - PUBLICATION, DISTRIBUTION, ETC.
Place of publication, distribution, etc. Milano,
Name of publisher, distributor, etc. Casa editrice ambrosiana,
Date of publication, distribution, etc. 1946.
300 ## - PHYSICAL DESCRIPTION
Extent xvi, 252 p., 1 l.
504 ## - BIBLIOGRAPHY, ETC. NOTE
Bibliography, etc. note Includes bibliographies.
500 ## - GENERAL NOTE
General note Microfilmed for preservation
Institution to which field applies DNLM

No items available.

Powered by Koha